000 00599nam a2200241Ia 4500
003 0100
008 130303s9999 xx 000 0 und d
020 _a0415191319
040 _cARRUPELIB
050 _aLB41.P572 1998
245 _aPhilosophers on education
245 _bhistorical perspectives
260 _aLondon
260 _bRoutledge
260 _C1998
300 _axiv
300 _b 480p. 25cm.
650 _aEDUCATION
650 _bRhodesia, Southern - Native races
650 _cRhodesia, Southern - Politics
700 _aRorty , AmÚlie Oksenberg ed.
942 0 0 _03
999 _c13772
_d13772